000 01633cam a22004934i 4500
003 PE-LiUPU
005 20250731165631.0
008 150616s r 000 0 d
035 _a(Sirsi) a6441
035 _a(Sirsi) a6441
040 _aPE-LiUPU
_bspa
_cPE-LiUPU
_erda
049 _aPRUA
082 0 4 _a291.04
_bP84
_221
100 1 _aPrampolini, Giacomo,
_eautor.
245 1 3 _aLa Mitología Nella Vita Dei Popoli.
_n1.
264 1 _aMilano :
_bEditore Ulrico Hoepli,
_c1942.
300 _a443 páginas :
_bIlustraciones ;
_c29 cm.
336 _atext
_2rdacontent
337 _aunmediated
_2rdamedia
338 _avolume
_2rdacarrier
505 0 _aMitología Egipcia -- Mitología Griega.
526 _aSEG44
526 _aSEG26
526 _aP151
526 _aP150
526 _aP149
526 _aP146
526 _aP145
526 _aP126
526 _aP125
526 _aP92
526 _aP75
526 _aP74
526 _aP27
526 _aP15
650 0 4 _aMITOLOGIA - ENSAYO.
910 _ajck
_bjvq
_cjck
942 _2ddc
_cBOOK
949 _aRC 291.04 P84 1
_wDEWEY
_c1
_i07021
_lRC
_mBUL
_r0
_sY
_tBOOK
_u2015-6-16
_xTEOLOGIA
_zUNKNOWN
_0COMPRA
_o.CIRCNOTE. No olvidar cambiar la fecha de devolución!!!!!!!
_o.STAFF. Colección General
994 _aC0
_bPEPRU
596 _a1
999 _aRC 291.04 P84 1
_wDEWEY
_c57575
_i07021
_f2021-11-8
_g6
_lCCODEBUL1
_mBUL
_r1
_sY
_tBOOK
_u2015-6-16
_xTEOLOGIA
_zUNKNOWN
_0COMPRA
_o.CIRCNOTE. No olvidar cambiar la fecha de devolución!!!!!!!
_o.STAFF. Colección General
_d57575
980 _81
_gALBERTO SANCHEZ Responsable de Automatización